Wonky Word Clicking - V - Statistics

General Stats
  • This quiz has been taken 259 times
  • The average score is 12 of 15
Answer Stats
Hint Answer % Correct
Vaga bond
94%
Voo doo
90%
Vesti bule
88%
Vert igo
88%
Vam oose
84%
Vaude ville
84%
Vin daloo
81%
Vuvu zela
81%
Velo drome
80%
Van dyke
77%
Viri dian
75%
Vain glory
65%
Var mint
65%
Vow elize
61%
Vili pend
46%
No matching quizzes found
Score Distribution
Percent of People with Each Score
Percentile by Number Answered
Your Score History
You have not taken this quiz